|
|
|
|
| LEADER |
02427nam a2200577 4500 |
| 001 |
ocn864899213 |
| 003 |
OCoLC |
| 005 |
20170124070425.6 |
| 006 |
m o d |
| 007 |
cr cnu---unuuu |
| 008 |
131210s2013 enka ob 001 0 eng d |
| 040 |
|
|
|a N$T
|b eng
|e rda
|e pn
|c N$T
|d YDXCP
|d DG1
|d CDX
|d OCLCF
|d COO
|d OCLCQ
|d DEBBG
|d GrThAP
|
| 020 |
|
|
|a 9781118579152
|q (electronic bk.)
|
| 020 |
|
|
|a 1118579151
|q (electronic bk.)
|
| 020 |
|
|
|a 9781118579497
|q (electronic bk.)
|
| 020 |
|
|
|a 1118579496
|q (electronic bk.)
|
| 020 |
|
|
|z 9781848214712
|
| 020 |
|
|
|z 1848214715
|
| 029 |
1 |
|
|a CHBIS
|b 010441782
|
| 029 |
1 |
|
|a CHVBK
|b 334094070
|
| 029 |
1 |
|
|a GBVCP
|b 79021105X
|
| 029 |
1 |
|
|a DEBBG
|b BV043396394
|
| 035 |
|
|
|a (OCoLC)864899213
|
| 050 |
|
4 |
|a QC665.S3
|b P56 2013eb
|
| 072 |
|
7 |
|a SCI
|x 057000
|2 bisacsh
|
| 082 |
0 |
4 |
|a 539.2
|2 23
|
| 049 |
|
|
|a MAIN
|
| 100 |
1 |
|
|a Pinel, Nicolas
|c (Electronics engineer),
|e author.
|
| 245 |
1 |
0 |
|a Electromagnetic wave scattering from random rough surfaces :
|b asymptotic models /
|c Nicolas Pinel, Christophe Bourlier.
|
| 264 |
|
1 |
|a London, UK :
|b ISTE,
|c 2013.
|
| 300 |
|
|
|a 1 online resource (vii, 150 pages) :
|b illustrations (black and white).
|
| 336 |
|
|
|a text
|b txt
|2 rdacontent
|
| 337 |
|
|
|a computer
|b c
|2 rdamedia
|
| 338 |
|
|
|a online resource
|b cr
|2 rdacarrier
|
| 490 |
1 |
|
|a Focus series in waves series,
|x 2051-2481
|
| 500 |
|
|
|a "ISSN: 2051-249X (Online)"--Title page verso.
|
| 504 |
|
|
|a Includes bibliographical references (pages 137-148) and index.
|
| 588 |
0 |
|
|a Print version record.
|
| 650 |
|
0 |
|a Electromagnetic waves
|x Scattering
|x Mathematical models.
|
| 650 |
|
0 |
|a Surfaces (Physics)
|x Mathematical models.
|
| 650 |
|
7 |
|a SCIENCE
|x Physics
|x Quantum Theory.
|2 bisacsh
|
| 650 |
|
7 |
|a Electromagnetic waves
|x Scattering
|x Mathematical models.
|2 fast
|0 (OCoLC)fst00906586
|
| 650 |
|
7 |
|a Surfaces (Physics)
|x Mathematical models.
|2 fast
|0 (OCoLC)fst01139270
|
| 655 |
|
4 |
|a Electronic books.
|
| 655 |
|
0 |
|a Electronic books.
|
| 700 |
1 |
|
|a Bourlier, Christophe,
|e author.
|
| 710 |
2 |
|
|a International Society for Technology in Education,
|e publisher.
|
| 776 |
0 |
8 |
|i Print version:
|a Pinel, Nicolas (Electronics engineer), author.
|t Electromagnetic wave scattering from random rough surfaces
|z 9781848214712
|w (DLC) 2013945049
|w (OCoLC)863678625
|
| 830 |
|
0 |
|a Focus series in waves.
|x 2051-2481
|
| 856 |
4 |
0 |
|u https://doi.org/10.1002/9781118579152
|z Full Text via HEAL-Link
|
| 994 |
|
|
|a 92
|b DG1
|